000 00318nam a2200133Ia 4500
100 _aLangsam.Augenstein/ Tanenbaum /Andrew S.
942 _cBK
654 _adatastructures
245 _aDatastructures using C and C++
260 _bPrentice Hall
_c2002
082 _a5.73
_bLAN
300 _a672
546 _aENGLISH
999 _c18649
_d18649